[Event "Mechanics' Peter Grey TNM; 30/90, SD/30"]
[Site "San Francisco"]
[Date "2010.08.10"]
[Round "2.3"]
[White "Fuentes, Romulo"]
[Black "Rumph, Todd"]
[Result "1-0"]
[WhiteElo "2237"]
[BlackElo "2013"]
[PlyCount "45"]
[EventDate "2010.??.??"]

1. e4 e5 2. Nf3 Nf6 3. Nxe5 d6 4. Nf3 Nxe4 5. Nc3 d5 6. Qe2 Be7 7. Nxe4 dxe4 8.
Qxe4 O-O 9. Bc4 Nd7 10. O-O Nf6 11. Qe2 Bg4 12. h3 Bh5 13. d3 Bd6 14. g4 Re8
15. Be3 Nxg4 16. hxg4 Bxg4 17. Kg2 Qf6 18. Rg1 Re5 19. Nxe5 Bxe2 20. Bxf7+ Kf8
$4 (20... Kh8 $19) 21. Nd7+ Kxf7 22. Nxf6 Kxf6 23. f3 1-0

[Event "Mechanics' Peter Grey TNM; 30/90, SD/30"]
[Site "San Francisco"]
[Date "2010.09.07"]
[Round "6.1"]
[White "Fuentes, Romulo"]
[Black "Zavadsky, Peter"]
[Result "0-1"]
[WhiteElo "2237"]
[BlackElo "2251"]
[PlyCount "116"]
[EventDate "2010.??.??"]

1. e4 c5 2. Nf3 Nc6 3. d4 cxd4 4. Nxd4 Nf6 5. Nc3 d6 6. Bc4 e6 7. Bb3 Be7 8.
Be3 O-O 9. Qe2 a6 10. O-O-O Qc7 11. g4 Nxd4 12. Rxd4 b5 13. g5 Nd7 14. Rg1 Nc5
15. Qh5 g6 16. Qh6 f5 17. exf5 Rxf5 18. Ne4 Nxe4 19. Rxe4 d5 20. Rd4 Bb7 21. c3
Bf8 22. Qh3 b4 23. Bc2 Rf7 24. Qxe6 bxc3 25. Rf4 cxb2+ 26. Kb1 Bg7 27. Rgg4 Rc8
28. Qxf7+ Qxf7 29. Rxf7 Kxf7 30. Rb4 Bc6 31. Bd4 a5 32. Bxg7 axb4 33. Bd4 Bb5
34. Kxb2 Bc4 35. h4 Bxa2 36. h5 Bc4 37. hxg6+ hxg6 38. f4 b3 39. Bb1 Re8 40. f5
Re2+ 41. Kc3 gxf5 42. Bxf5 Rg2 43. g6+ Ke7 44. g7 Kf7 45. Bh7 Rg3+ 46. Kb2 Rxg7
47. Bxg7 Kxg7 48. Bf5 Kf6 49. Bb1 Ke5 50. Kc3 Kf4 51. Kd4 Kf3 52. Bg6 Ke2 53.
Kc3 Kd1 54. Kb2 d4 55. Ka3 Kd2 56. Kb2 Bd3 57. Bf7 Bc2 58. Bh5 Ke3 0-1

[Event "Mechanics' Peter Grey TNM; 30/90, SD/30"]
[Site "San Francisco"]
[Date "2010.08.03"]
[Round "1.12"]
[White "Gaffagan, Steven"]
[Black "Cole, Tony"]
[Result "1-0"]
[WhiteElo "2040"]
[BlackElo "1494"]
[PlyCount "97"]
[EventDate "2010.??.??"]

1. e4 e5 2. Nf3 Nc6 3. Bb5 Nd4 4. Nxd4 exd4 5. Bc4 Nf6 6. c3 c5 7. Qb3 Qe7 8.
O-O d6 9. d3 a6 10. a4 Be6 11. f4 h6 12. f5 Bxc4 13. Qxc4 Nd7 14. cxd4 cxd4 15.
Qxd4 Ne5 16. Nc3 Nc6 17. Qb6 Qd7 18. Nd5 Rc8 19. Be3 f6 20. Rac1 Be7 21. Qb3
Bd8 22. d4 Na5 23. Qa2 Nc6 24. b4 Qf7 25. a5 O-O 26. Qe2 Kh8 27. Rce1 Bc7 28.
Nf4 Rfe8 29. Ng6+ Kg8 30. Qg4 Kh7 31. d5 Ne5 32. Nxe5 Rxe5 33. Bd4 Re7 34. Rc1
Rce8 35. Rf4 Rh8 36. Rc3 Kg8 37. Qd1 Kf8 38. Qc2 Bd8 39. Rc8 Re8 40. Rc4 g5 41.
fxg6 Qxg6 42. Rc3 Qg5 43. Qf2 Kf7 44. Rcf3 Qh5 45. Bxf6 Bxf6 46. Rxf6+ Ke7 47.
Rf7+ Kd8 48. Qb6+ Kc8 49. Qc7# 1-0

[Event "Mechanics' Peter Grey TNM; 30/90, SD/30"]
[Site "San Francisco"]
[Date "2010.08.24"]
[Round "4.2"]
[White "Gaffagan, Steven"]
[Black "Fuentes, Romulo"]
[Result "0-1"]
[WhiteElo "2040"]
[BlackElo "2237"]
[PlyCount "101"]
[EventDate "2010.??.??"]

1. e4 c5 2. Nf3 d6 3. d4 cxd4 4. Nxd4 Nf6 5. Nc3 a6 6. Bc4 e6 7. Bb3 b5 8. f4
b4 9. Na4 Nxe4 10. O-O g6 11. f5 gxf5 12. Nxf5 d5 13. Nh6 Bxh6 14. Qh5 Qe7 15.
Qxh6 Nd7 16. Qg7 Rf8 17. Bh6 Bb7 18. Qd4 Rg8 19. c3 bxc3 20. bxc3 f5 21. Bd1
Ndf6 22. Bf4 Rc8 23. Bc2 Kf7 24. Rab1 Bc6 25. Rb6 Bxa4 26. Qxa4 Qc5+ 27. Qd4
Nxc3 28. Rb7+ Kg6 29. Qxc5 Rxc5 30. Bd3 Nce4 31. Rb6 Re8 32. Rxa6 e5 33. Be3
Rc3 34. Bb5 Rec8 35. Bb6 d4 36. a4 d3 37. Ba5 d2 38. Bd7 Rc1 39. Bxf5+ Kg5 40.
Bxd2+ Nxd2 41. h4+ Kxh4 42. Bxc8 Rxf1+ 43. Kh2 Ng4+ 44. Bxg4 Kxg4 45. Ra7 h6
46. Rg7+ Kf5 47. a5 Ra1 48. Rh7 Rxa5 49. Rxh6 Ra2 50. Rd6 Ne4 51. Rd8 {
B won in a few more moves} 0-1

[Event "Mechanics' Peter Grey TNM; 30/90, SD/30"]
[Site "San Francisco"]
[Date "2010.09.14"]
[Round "7.4"]
[White "Gaffagan, Steven"]
[Black "Perepelitsky, Edward"]
[Result "0-1"]
[WhiteElo "2040"]
[BlackElo "2109"]
[PlyCount "60"]
[EventDate "2010.??.??"]

1. e4 c5 2. Nf3 d6 3. d4 cxd4 4. Nxd4 Nf6 5. Nc3 a6 6. Be3 e6 7. f3 Be7 8. Qd2
Nc6 9. O-O-O O-O 10. g4 Nd7 11. Kb1 Nxd4 12. Bxd4 b5 13. Bd3 Bb7 14. h4 Rc8 15.
g5 Ne5 16. Qg2 Qa5 17. Rhg1 Nc4 18. Bxc4 Rxc4 19. Bf6 Qc7 20. Qg4 Kh8 21. Bxe7
Qxe7 22. Qg3 Rd8 23. Rd2 b4 24. Nd1 d5 25. Ne3 Rcc8 26. exd5 exd5 27. Nf5 Qc7
28. f4 d4 29. Rgd1 Be4 30. Nxd4 Rxd4 0-1

[Event "Mechanics' Peter Grey TNM; 30/90, SD/30"]
[Site "San Francisco"]
[Date "2010.09.21"]
[Round "8.6"]
[White "Gaffagan, Steven"]
[Black "Todortsev, Victor"]
[Result "1-0"]
[WhiteElo "2040"]
[BlackElo "1924"]
[PlyCount "91"]
[EventDate "2010.??.??"]

1. e4 e5 2. f4 d5 3. exd5 e4 4. d3 Nf6 5. dxe4 Nxe4 6. Nf3 Bc5 7. Bb5+ c6 8.
Qe2 Qe7 9. dxc6 bxc6 10. Bc4 O-O 11. Nbd2 Bf5 12. Nxe4 Bxe4 13. Ne5 Bd5 14.
Bxd5 cxd5 15. Bd2 Re8 16. O-O-O Nc6 17. Qd3 Nxe5 18. fxe5 Qxe5 19. Rhe1 Qd6 20.
Bc3 Rxe1 21. Bxe1 Rd8 22. Bg3 Qb6 23. Qb3 Qxb3 24. cxb3 f6 25. Kc2 Kf7 26. Re1
Rd7 27. Kd3 g5 28. Rc1 Bb6 29. Rc2 Ke6 30. b4 h5 31. h3 Kf5 32. a4 a5 33. b5
Re7 34. Bf2 Bxf2 35. Rxf2+ Kg6 36. Re2 Rc7 37. Rc2 Re7 38. Rc5 Re4 39. b6 Re8
40. Rb5 f5 41. b7 Rb8 42. b4 axb4 43. a5 g4 44. a6 f4 45. hxg4 hxg4 46. Rxb4
1-0

[Event "Mechanics' Peter Grey TNM; 30/90, SD/30"]
[Site "San Francisco"]
[Date "2010.08.17"]
[Round "3.5"]
[White "Goins, Demetrius"]
[Black "Perepelitsky, Edward"]
[Result "1/2-1/2"]
[WhiteElo "2035"]
[BlackElo "2109"]
[PlyCount "48"]
[EventDate "2010.??.??"]

1. d4 Nf6 2. Nf3 g6 3. Bg5 Bg7 4. Nbd2 d5 5. e3 c5 6. Be2 Qb6 7. Qc1 Ne4 8. c3
Nxg5 9. Nxg5 Nc6 10. f4 Bf5 11. e4 dxe4 12. d5 Na5 13. Ngxe4 Rd8 14. Ng3 Rxd5
15. Nc4 Nxc4 16. Bxc4 Rd6 17. Nxf5 gxf5 18. Qc2 O-O 19. Rd1 Rxd1+ 20. Kxd1 Qd6+
21. Qd2 Qxd2+ 22. Kxd2 Bh6 23. g3 e5 24. Rf1 Rd8+ 1/2-1/2

[Event "Mechanics' Peter Grey TNM; 30/90, SD/30"]
[Site "San Francisco"]
[Date "2010.08.31"]
[Round "5.7"]
[White "Goins, Demetrius"]
[Black "Traub, Igor"]
[Result "0-1"]
[WhiteElo "2035"]
[BlackElo "2124"]
[PlyCount "58"]
[EventDate "2010.??.??"]

1. d4 d5 2. c4 c6 3. Nf3 Nf6 4. Nc3 e6 5. Bg5 h6 6. Bxf6 Qxf6 7. e3 Bd6 8. Qc2
O-O 9. Bd3 a6 10. a4 a5 11. e4 dxe4 12. Nxe4 Bb4+ 13. Nc3 c5 14. O-O cxd4 15.
Ne4 Qd8 16. c5 Nc6 17. Bb5 Qd5 18. Rad1 e5 19. Bc4 d3 20. Rxd3 Qxe4 21. Nd2 Qh7
22. Ne4 Kh8 23. Nd6 Bf5 24. Nxf5 Qxf5 25. Qc1 Qg5 26. f4 exf4 27. Rxf4 Rae8 28.
Rd1 Bxc5+ 29. Kh1 Be3 0-1

[Event "Mechanics' Peter Grey TNM; 30/90, SD/30"]
[Site "San Francisco"]
[Date "2010.09.21"]
[Round "8.7"]
[White "Goins, Demetrius"]
[Black "Wheeler, Cameron"]
[Result "1-0"]
[WhiteElo "2035"]
[BlackElo "1890"]
[PlyCount "49"]
[EventDate "2010.??.??"]

1. d4 d5 2. c4 c6 3. Nc3 e6 4. Nf3 dxc4 5. a4 Bb4 6. g3 Nf6 7. Bg2 Nbd7 8. O-O
O-O 9. Qc2 Bd6 10. Nd2 e5 11. Nxc4 Bc7 12. Rd1 Qe7 13. b3 Re8 14. Ba3 Qe6 15.
d5 cxd5 16. Nxd5 Bb8 17. Rac1 e4 18. Nce3 Nxd5 19. Nxd5 Nb6 20. Nxb6 axb6 21.
Bxe4 g6 22. Bd5 Qg4 23. Bf3 Qg5 24. Rd5 Qf6 25. Qxc8 1-0

[Event "Mechanics' Peter Grey TNM; 30/90, SD/30"]
[Site "San Francisco"]
[Date "2010.08.31"]
[Round "5.21"]
[White "Gray, William"]
[Black "James, Charles"]
[Result "1-0"]
[WhiteElo "2026"]
[BlackElo "1383"]
[PlyCount "33"]
[EventDate "2010.??.??"]

1. e4 e6 2. d4 d5 3. Nd2 c5 4. Ngf3 Nf6 5. exd5 exd5 6. Bb5+ Bd7 7. Qe2+ Be7 8.
dxc5 O-O 9. Nb3 Nc6 10. O-O Re8 11. c3 Rc8 12. Bg5 Ne4 13. Bxe7 Rxe7 14. Qd3
Bg4 15. Bxc6 Rxc6 16. Nfd4 Rcc7 17. f3 1-0

[Event "Mechanics' Peter Grey TNM; 30/90, SD/30"]
[Site "San Francisco"]
[Date "2010.09.14"]
[Round "7.10"]
[White "Gray, William"]
[Black "Manvelyan, Hovik"]
[Result "1-0"]
[WhiteElo "2026"]
[BlackElo "1997"]
[PlyCount "99"]
[EventDate "2010.??.??"]

1. Nf3 e6 2. b3 d5 3. Bb2 f5 4. g3 Nf6 5. Bg2 c6 6. d3 Qc7 7. Nbd2 f4 8. O-O
Bd6 9. e4 Nbd7 10. Ng5 Nf8 11. exd5 cxd5 12. Re1 fxg3 13. hxg3 Bd7 14. Bxf6
gxf6 15. Qh5+ Ng6 16. Nxe6 Bxe6 17. Rxe6+ Kd7 18. Rxf6 Raf8 19. Rxf8 Rxf8 20.
Qxd5 Kc8 21. Qc4 Qxc4 22. Nxc4 Bc5 23. Ne3 Ne5 24. Be4 h5 25. Kg2 Bxe3 26. fxe3
Ng4 27. Bf3 Nxe3+ 28. Kf2 Ng4+ 29. Ke2 Kc7 30. Bxg4 hxg4 31. Rf1 Rh8 32. Rf4
Rg8 33. Ke3 Rg7 34. Ke4 Kd6 35. Kf5 b5 36. Rxg4 Rf7+ 37. Ke4 Rf2 38. c4 Rxa2
39. Rg6+ Kc7 40. Kd5 Ra3 41. c5 Rxb3 42. d4 Rd3 43. Rg7+ Kd8 44. Rxa7 Rxg3 45.
Rb7 Rb3 46. Kd6 Kc8 47. c6 Rb4 48. Rf7 Kb8 49. Rf8+ Ka7 50. c7 1-0

[Event "Mechanics' Peter Grey TNM; 30/90, SD/30"]
[Site "San Francisco"]
[Date "2010.09.21"]
[Round "8.12"]
[White "Grey, Peter"]
[Black "Krienke, Jason"]
[Result "1-0"]
[WhiteElo "2017"]
[BlackElo "1592"]
[PlyCount "27"]
[EventDate "2010.??.??"]

1. e4 e5 2. Nf3 Nc6 3. Bb5 a6 4. Ba4 b5 5. Bb3 Nf6 6. d4 exd4 7. e5 Bb4+ 8. c3
dxc3 9. bxc3 Qe7 10. O-O Bxc3 11. Nxc3 Qc5 12. exf6 Qxc3 13. Qe2+ Kf8 14. Bb2
1-0

[Event "Mechanics' Peter Grey TNM; 30/90, SD/30"]
[Site "San Francisco"]
[Date "2010.09.07"]
[Round "6.14"]
[White "Grey, Peter"]
[Black "Sherwood, Peter"]
[Result "1-0"]
[WhiteElo "2017"]
[BlackElo "1801"]
[PlyCount "33"]
[EventDate "2010.??.??"]

1. e4 c5 2. Nf3 d6 3. d4 cxd4 4. Nxd4 Nf6 5. Nc3 a6 6. Bg5 e6 7. f4 Be7 8. Qf3
Qb6 9. Nb3 Nc6 10. O-O-O Bd7 11. Bh4 Na5 12. Nd4 O-O-O 13. e5 Ng8 14. Bxe7 Nxe7
15. exd6 Qxd6 16. Ndb5 Qc6 17. Na7+ 1-0

[Event "Mechanics' Peter Grey TNM; 30/90, SD/30"]
[Site "San Francisco"]
[Date "2010.08.24"]
[Round "4.11"]
[White "Grey, Peter"]
[Black "Wheeler, Cameron"]
[Result "1/2-1/2"]
[WhiteElo "2017"]
[BlackElo "1890"]
[PlyCount "51"]
[EventDate "2010.??.??"]

1. e4 e6 2. d4 d5 3. Nc3 Nf6 4. e5 Nfd7 5. Nf3 c5 6. dxc5 Bxc5 7. Bd3 Nc6 8.
Bf4 f6 9. exf6 Nxf6 10. Qe2 O-O 11. O-O a6 12. Ne5 Bd6 13. Nxc6 bxc6 14. Be5 c5
15. b3 Qc7 16. Rae1 Bd7 (16... Bb7) 17. f4 Qb6 18. Kh1 d4 19. Bxd6 Qxd6 20. Ne4
Nxe4 21. Qxe4 g6 22. Qe5 Qxe5 23. Rxe5 Rfc8 24. h4 Kf7 25. h5 Bb5 26. Rfe1
1/2-1/2

[Event "Mechanics' Peter Grey TNM; 30/90, SD/30"]
[Site "San Francisco"]
[Date "2010.08.10"]
[Round "2.2"]
[White "Grey, Peter"]
[Black "Zavadsky, Peter"]
[Result "1-0"]
[WhiteElo "2017"]
[BlackElo "2251"]
[PlyCount "45"]
[EventDate "2010.??.??"]

1. d4 Nf6 2. c4 c5 3. d5 e6 4. Nc3 exd5 5. cxd5 d6 6. Nf3 g6 7. e4 Bg7 8. h3
O-O 9. Bd3 Re8 10. O-O a6 11. a4 Nbd7 12. Bg5 Qc7 13. Qd2 Rb8 14. a5 c4 15. Bc2
Nc5 16. Rfe1 b5 17. axb6 Qxb6 18. e5 dxe5 19. Nxe5 Nfe4 20. Nxc4 Bxc3 21. Qxc3
Qb5 22. Bxe4 Rxe4 23. Bh6 1-0

[Event "Mechanics' Peter Grey TNM; 30/90, SD/30"]
[Site "San Francisco"]
[Date "2010.09.21"]
[Round "8.22"]
[White "Hilliard, Michael"]
[Black "Chadwick, Richard"]
[Result "0-1"]
[WhiteElo "1417"]
[BlackElo "1687"]
[PlyCount "62"]
[EventDate "2010.??.??"]

1. d4 d5 2. Nf3 Nf6 3. e3 Nc6 4. Bd3 e6 5. Nbd2 a6 6. c3 Bd6 7. O-O O-O 8. Re1
e5 9. e4 dxe4 10. Nxe4 Nxe4 11. Bxe4 Bd7 12. Qd3 h6 13. d5 Ne7 14. a3 f5 15.
Bxf5 Bxf5 16. Qd1 e4 17. Nh4 Bc5 18. b4 Bxf2+ 19. Kxf2 Bg4+ 20. Nf3 exf3 21.
gxf3 Ng6 22. Re3 Qd6 23. Qg1 Bh5 24. c4 Qf6 25. Ra2 Ne5 26. Bb2 Qh4+ 27. Ke2
Qxc4+ 28. Ke1 Qxa2 29. Bxe5 Qb1+ 30. Kf2 Qxg1+ 31. Kxg1 Bxf3 0-1

[Event "Mechanics' Peter Grey TNM; 30/90, SD/30"]
[Site "San Francisco"]
[Date "2010.08.17"]
[Round "3.28"]
[White "Hilliard, Michael"]
[Black "Cowgill, Jackie"]
[Result "1-0"]
[WhiteElo "1417"]
[BlackElo "902"]
[PlyCount "101"]
[EventDate "2010.??.??"]

1. d4 d5 2. Nf3 Nf6 3. e3 e6 4. Nbd2 c5 5. c3 cxd4 6. exd4 Bd6 7. Bd3 O-O 8.
O-O Nc6 9. Re1 Ne7 10. Ne5 a5 11. Ndf3 b6 12. Qc2 Bb7 13. Ng5 Ne4 14. Nxe4 dxe4
15. Bxe4 Bxe4 16. Rxe4 Rc8 17. Rg4 Nf5 18. Bf4 Bxe5 19. Bxe5 f6 20. Bg3 b5 21.
Qb3 Qb6 22. Re4 Nxg3 23. hxg3 a4 24. Qxe6+ Qxe6 25. Rxe6 Rce8 26. Rae1 Kf7 27.
Rxe8 Rxe8 28. Rxe8 Kxe8 29. g4 g5 30. g3 Kd7 31. f4 Kd6 32. Kf2 Kd5 33. Ke3 Kc4
34. Ke4 gxf4 35. gxf4 f5+ 36. Kxf5 Kd3 37. Ke6 a3 38. b3 Kxc3 39. d5 Kb2 40. d6
Kxa2 41. d7 Kxb3 42. d8=Q b4 43. Qa5 Ka2 44. Qxb4 h5 45. gxh5 Ka1 46. Qxa3+ Kb1
47. Qd3+ Ka1 48. Kd5 Kb2 49. Kc4 Ka2 50. Kc3 Ka3 51. Qa6# 1-0

[Event "Mechanics' Peter Grey TNM; 30/90, SD/30"]
[Site "San Francisco"]
[Date "2010.08.03"]
[Round "1.15"]
[White "Hilliard, Michael"]
[Black "Grey, Peter"]
[Result "0-1"]
[WhiteElo "1417"]
[BlackElo "2017"]
[PlyCount "54"]
[EventDate "2010.??.??"]

1. d4 Nf6 2. Bg5 Ne4 3. Bf4 c5 4. c3 Qb6 5. Qc2 d5 6. Nf3 Nc6 7. g3 cxd4 8.
cxd4 Nxd4 9. Nxd4 Qxd4 10. Bg2 Qxf2+ 11. Kd1 Qxg2 12. Re1 Bd7 13. Nc3 e6 14. e3
Qxc2+ 15. Kxc2 Rc8 16. a3 Be7 17. Rac1 O-O 18. Kb1 Nxc3+ 19. bxc3 Bxa3 20. Rc2
Ba4 21. Be5 Bxc2+ 22. Kxc2 f6 23. Bd4 Bc5 24. Rb1 b6 25. Ra1 Rf7 26. Kd3 e5 27.
Bxc5 Rxc5 0-1

[Event "Mechanics' Peter Grey TNM; 30/90, SD/30"]
[Site "San Francisco"]
[Date "2010.09.07"]
[Round "6.22"]
[White "Hilliard, Michael"]
[Black "Standen, Julian"]
[Result "0-1"]
[WhiteElo "1417"]
[BlackElo "1690"]
[PlyCount "98"]
[EventDate "2010.??.??"]

1. d4 d5 2. Nf3 Nf6 3. e3 c6 4. Bd3 Bg4 5. Nbd2 e6 6. O-O Nbd7 7. Re1 Be7 8. e4
dxe4 9. Nxe4 O-O 10. Qe2 Re8 11. Bd2 Nxe4 12. Bxe4 Nf6 13. c3 Nxe4 14. Qxe4
Bxf3 15. Qxf3 Bf6 16. Re4 Qd5 17. a3 Rad8 18. Rae1 c5 19. Be3 cxd4 20. Bxd4
Bxd4 21. Rxd4 Qxf3 22. gxf3 Rxd4 23. cxd4 Kf8 24. Rc1 f6 25. Rc7 Re7 26. Rc8+
Kf7 27. f4 Kg6 28. Kg2 Kf5 29. Kf3 Rd7 30. Rc5+ Rd5 31. b4 b6 32. Rxd5+ exd5
33. h3 b5 34. Ke3 g6 35. Kf3 h6 36. Ke3 g5 37. fxg5 fxg5 38. Kf3 h5 39. Ke3 g4
40. h4 a6 41. f4 g3 42. Kf3 g2 43. Kxg2 Kxf4 44. Kf2 Ke4 45. Ke2 Kxd4 46. Kd2
Kc4 47. Kc2 d4 48. Kd2 d3 49. Kd1 Kb3 0-1

[Event "Mechanics' Peter Grey TNM; 30/90, SD/30"]
[Site "San Francisco"]
[Date "2010.08.10"]
[Round "2.21"]
[White "James, Charles"]
[Black "Dembling, Arthur"]
[Result "0-1"]
[WhiteElo "1383"]
[BlackElo "1738"]
[PlyCount "54"]
[EventDate "2010.??.??"]

1. d4 Nf6 2. c4 e6 3. Nc3 Bb4 4. Qc2 d5 5. a3 Bxc3+ 6. Qxc3 Ne4 7. Qc2 c5 8.
dxc5 Nc6 9. e3 Qa5+ 10. Bd2 Qxc5 11. b4 Qe7 12. Bd3 Qf6 13. Bxe4 Qxa1+ 14. Qb1
Qxb1+ 15. Bxb1 dxc4 16. Nf3 O-O 17. O-O b5 18. Rd1 Bb7 19. Bc3 Rfd8 20. Re1 Rd7
21. Be4 Rad8 22. Nd4 Nxd4 23. exd4 Bxe4 24. Rxe4 Rd5 25. f4 R8d6 26. g4 f5 27.
gxf5 Rxf5 0-1

[Event "Mechanics' Peter Grey TNM; 30/90, SD/30"]
[Site "San Francisco"]
[Date "2010.08.24"]
[Round "4.20"]
[White "James, Charles"]
[Black "Newey, Richard"]
[Result "1-0"]
[WhiteElo "1383"]
[BlackElo "1762"]
[PlyCount "97"]
[EventDate "2010.??.??"]

1. d4 Nf6 2. c4 e6 3. Nc3 Bb4 4. Qc2 d5 5. a3 Bxc3+ 6. Qxc3 Ne4 7. Qc2 O-O 8.
Nf3 b6 9. e3 Nd7 10. Bd3 Ndf6 11. O-O Bb7 12. Ne5 c5 13. f3 dxc4 14. Bxe4 Bxe4
15. fxe4 cxd4 16. Nxc4 Rc8 17. Qd3 dxe3 18. Qxd8 Rfxd8 19. Nxe3 Nxe4 20. b4 Rc3
21. Rf3 Nd2 22. Bxd2 Rxd2 23. Nf1 Rdd3 24. Rd1 Rxd1 25. Rxc3 Kf8 26. b5 Rb1 27.
a4 Ra1 28. Rc8+ Ke7 29. Rc7+ Kf6 30. Rxa7 g6 31. Kf2 Ra2+ 32. Kf3 g5 33. g4 Kg6
34. Ra6 h5 35. h3 Ra3+ 36. Ne3 hxg4+ 37. hxg4 Kg7 38. Ke4 Kf6 39. Nc4 Rb3 40.
Rxb6 Rb4 41. Kd4 Rxa4 42. Ra6 Rb4 43. Kc5 Rb1 44. b6 Ke7 45. Ra7+ Kd8 46. Kc6
Rb4 47. Rd7+ Ke8 48. Nd6+ Kf8 49. b7 1-0

[Event "Mechanics' Peter Grey TNM; 30/90, SD/30"]
[Site "San Francisco"]
[Date "2010.09.14"]
[Round "7.20"]
[White "James, Charles"]
[Black "Somerville, Kenneth"]
[Result "0-1"]
[WhiteElo "1383"]
[BlackElo "1698"]
[PlyCount "56"]
[EventDate "2010.??.??"]

1. d4 d5 2. c4 e6 3. Nc3 c6 4. Nf3 Nf6 5. e3 Bd6 6. Bd3 Nbd7 7. O-O O-O 8. e4
dxe4 9. Nxe4 Nxe4 10. Bxe4 Nf6 11. Bg5 Be7 12. Bc2 h6 13. Bh4 Re8 14. Qd3 b6
15. Bxf6 Bxf6 16. Qh7+ Kf8 17. Rad1 Bb7 18. Ne5 Qc7 19. f4 Rad8 20. Rfe1 Ke7
21. Qd3 Rd6 22. f5 Kd8 23. Qa3 a6 24. c5 bxc5 25. Qxc5 Rd5 26. Qc4 Kc8 27. Be4
Bxe5 28. Bxd5 exd5 {remainder illegible} 0-1

[Event "Mechanics' Peter Grey TNM; 30/90, SD/30"]
[Site "San Francisco"]
[Date "2010.08.10"]
[Round "2.10"]
[White "Jones, James"]
[Black "Chernobilskiy, Mikhail"]
[Result "1-0"]
[WhiteElo "2094"]
[BlackElo "1845"]
[PlyCount "91"]
[EventDate "2010.??.??"]

1. e4 e5 2. Bc4 Nf6 3. Nf3 Nc6 4. d4 exd4 5. Nxd4 Nxe4 6. Bxf7+ Kxf7 7. Qh5+ g6
8. Qd5+ Kg7 9. Nxc6 dxc6 10. Qxd8 Bb4+ 11. Qd2 Bxd2+ 12. Bxd2 Nxd2 13. Nxd2 Bf5
14. O-O-O Rad8 15. Nb3 Rd6 16. Rhe1 Kf7 17. Na5 Bc8 18. Nc4 Rd5 19. Ne3 Rd6 20.
Nc4 Rd5 21. Ne5+ Kf6 22. f4 h5 23. c4 Rd6 24. c5 Rd5 25. Rxd5 cxd5 26. c6 Rd8
27. Kd2 Rd6 28. Rc1 b6 29. Kd3 Kf5 30. Kd4 a5 31. Rc3 Ba6 32. h3 a4 33. g4+
hxg4 34. hxg4+ Kf6 35. f5 gxf5 36. g5+ Kg7 37. Rf3 Bc4 38. b3 axb3 39. axb3 Bb5
40. Rxf5 Bxc6 41. Rf7+ Kg8 42. Rxc7 Bb5 43. Ng4 Be2 44. Nf6+ Kf8 45. Ke5 Rd8
46. Ke6 1-0

[Event "Mechanics' Peter Grey TNM; 30/90, SD/30"]
[Site "San Francisco"]
[Date "2010.08.17"]
[Round "3.2"]
[White "Jones, James"]
[Black "Fuentes, Romulo"]
[Result "0-1"]
[WhiteElo "2094"]
[BlackElo "2237"]
[PlyCount "58"]
[EventDate "2010.??.??"]

1. e4 c5 2. Nf3 d6 3. Bb5+ Nc6 4. Bxc6+ bxc6 5. O-O e5 6. h3 g5 7. d4 g4 8.
hxg4 cxd4 9. c3 dxc3 10. Nxc3 Bxg4 11. Qa4 Qd7 12. Nd2 Ne7 13. Nc4 Rb8 14. Be3
Be6 15. b3 Bxc4 16. bxc4 Rg8 17. Qxa7 Qxa7 18. Bxa7 Rb4 19. Ne2 Rxc4 20. Ng3
Kd7 21. a4 Bh6 22. a5 Ra8 23. Bb6 Rb4 24. Rfd1 Nc8 25. Nf5 Bf8 26. f3 Nxb6 27.
axb6 Rb8 28. Rdb1 Rxb1+ 29. Rxb1 d5 {W time exp} 0-1

[Event "Mechanics' Peter Grey TNM; 30/90, SD/30"]
[Site "San Francisco"]
[Date "2010.08.31"]
[Round "5.6"]
[White "Jones, James"]
[Black "Manvelyan, Hayk"]
[Result "0-1"]
[WhiteElo "2094"]
[BlackElo "2151"]
[PlyCount "54"]
[EventDate "2010.??.??"]

1. e4 c6 2. d4 d5 3. exd5 cxd5 4. c4 Nf6 5. Nc3 Nc6 6. Be3 e6 7. c5 Bd7 8. a3
Be7 9. Nf3 O-O 10. Bd3 b6 11. b4 bxc5 12. bxc5 Ng4 13. O-O Nxe3 14. fxe3 f5 15.
Rb1 g5 16. Rb7 g4 17. Nd2 Bg5 18. Qe2 Bc8 19. Rb2 Qf6 20. Nb5 a6 21. Nd6 Nxd4
22. exd4 Qxd4+ 23. Kh1 Qxb2 24. Nxc8 Raxc8 25. Qxe6+ Kh8 26. Bxf5 Bxd2 27. Rb1
Qxb1+ 0-1

[Event "Mechanics' Peter Grey TNM; 30/90, SD/30"]
[Site "San Francisco"]
[Date "2010.08.10"]
[Round "2.16"]
[White "Kleiman, Charles"]
[Black "Allen, Tom"]
[Result "1-0"]
[WhiteElo "1851"]
[BlackElo "1542"]
[PlyCount "74"]
[EventDate "2010.??.??"]

1. Nf3 Nc6 2. e4 e5 3. Bc4 Nf6 4. d3 Be7 5. O-O O-O 6. Nc3 d6 7. h3 Be6 8. Nd5
Bxd5 9. Bxd5 Rb8 10. c3 a6 11. Bxc6 bxc6 12. Qa4 Rb6 13. b4 Nd7 14. Be3 c5 15.
Rab1 Qc8 16. Rb3 Rb5 17. bxc5 Rxb3 18. axb3 dxc5 19. Ra1 Bd6 20. Qxa6 Qxa6 21.
Rxa6 Rb8 22. Nd2 Kf8 23. g3 Ke7 24. f4 g6 25. d4 cxd4 26. cxd4 exd4 27. Bxd4
Nc5 28. Ra1 Nd3 29. Rb1 Bb4 30. Nf3 f6 31. Kf1 Ke6 32. Ke2 Nc5 33. Ke3 Nd7 34.
g4 Rb5 35. Kd3 Ba5 36. Be3 Nc5+ 37. Kc4 Rb4+ 1-0

[Event "Mechanics' Peter Grey TNM; 30/90, SD/30"]
[Site "San Francisco"]
[Date "2010.08.31"]
[Round "5.19"]
[White "Kleiman, Charles"]
[Black "Chadwick, Richard"]
[Result "1-0"]
[WhiteElo "1851"]
[BlackElo "1687"]
[PlyCount "84"]
[EventDate "2010.??.??"]

1. c4 c5 2. Nf3 Nc6 3. g3 Nf6 4. Bg2 d6 5. O-O e6 6. d4 Be7 7. dxc5 dxc5 8. Qc2
Qc7 9. Nc3 a6 10. a3 Bd7 11. h3 Nd4 12. Nxd4 cxd4 13. Ne4 Bc6 14. b4 Rc8 15.
Rd1 e5 16. e3 Nxe4 17. Bxe4 Bxe4 18. Qxe4 dxe3 19. Bxe3 O-O 20. c5 f6 21. Qd5+
Kh8 22. Qe6 Rfd8 23. Kf1 Bf8 24. Ke2 Qe7 25. Qxe7 Bxe7 26. Rxd8+ Rxd8 27. Rd1
Kg8 28. Rxd8+ Bxd8 29. Kd3 Kf7 30. Kc4 Ke6 31. a4 Bc7 32. Bd2 e4 33. b5 axb5+
34. axb5 f5 35. h4 g6 36. Be3 Kd7 37. Kd5 Bb8 38. b6 Ke7 39. c6 bxc6+ 40. Kxc6
Kd8 41. Bg5+ Ke8 42. Kb7 Be5 1-0

[Event "Mechanics' Peter Grey TNM; 30/90, SD/30"]
[Site "San Francisco"]
[Date "2010.09.21"]
[Round "8.10"]
[White "Kleiman, Charles"]
[Black "Chamberlain, Ethan"]
[Result "0-1"]
[WhiteElo "1851"]
[BlackElo "1703"]
[PlyCount "52"]
[EventDate "2010.??.??"]

1. c4 Nf6 2. Nc3 d5 3. cxd5 Nxd5 4. Nxd5 Qxd5 5. Nf3 c5 6. g3 Nc6 7. Bg2 e5 8.
d3 Bg4 9. O-O Qd7 10. b3 Bd6 11. Ba3 O-O 12. Rc1 b6 13. Qd2 Rad8 14. Bb2 Rfe8
15. h4 f6 16. Rfd1 Bb8 17. a3 Nd4 18. Bxd4 exd4 19. Kf1 Qf7 20. Qb2 f5 21. Rc2
f4 22. b4 cxb4 23. axb4 fxg3 24. Rc4 Be5 25. fxg3 Bxg3 26. Rxd4 Be5 0-1

[Event "Mechanics' Peter Grey TNM; 30/90, SD/30"]
[Site "San Francisco"]
[Date "2010.09.28"]
[Round "9.13"]
[White "Kleiman, Charles"]
[Black "MacIntyre, Brendan"]
[Result "1/2-1/2"]
[WhiteElo "1851"]
[BlackElo "1676"]
[PlyCount "75"]
[EventDate "2010.??.??"]

1. c4 e5 2. Nf3 Nc6 3. d3 Nf6 4. Nc3 Be7 5. g3 d5 6. cxd5 Nxd5 7. Bg2 Nf6 8.
Qb3 O-O 9. O-O Rb8 10. Ng5 Nd4 11. Qa4 a6 12. e3 b5 13. Qd1 Ne6 14. Nxe6 Bxe6
15. d4 exd4 16. exd4 c5 17. Be3 cxd4 18. Bxd4 Nd5 19. Nxd5 Bxd5 20. Qg4 g6 21.
Rfd1 Bxg2 22. Be5 Qc8 23. Qf4 Qb7 24. Bxb8 Bg5 25. Qxg5 Bh1 26. f3 Bxf3 27. Rd8
Qb6+ 28. Kf1 Rxd8 29. Ba7 Qd6 30. Qe3 Qf6 31. Qf2 Qc6 32. Be3 Qc4+ 33. Kg1 Bb7
34. b3 Qe4 35. Kf1 Rd3 (35... Qh1+ {was winning} 36. Qg1 Qf3+ 37. Qf2 Rd1+ 38.
Rxd1 Qxd1+ 39. Qe1 Bg2+ 40. Kf2 Qf3+ 41. Kg1 Bh3 42. Qd2 Qf1#) 36. Re1 Rd5 37.
Bf4 Qh1+ 38. Qg1 1/2-1/2